| 000 | 00876nam a22001337a 4500 | ||
|---|---|---|---|
| 999 |
_c527862 _d527862 |
||
| 008 | 240930b ||||| |||| 00| 0 eng d | ||
| 100 |
_aBilgrami, Akeel _947892 |
||
| 245 | _aUnderstanding Gandhi on caste and modernity | ||
| 260 | _aSocial Scientist | ||
| 300 | _a52(7-8), Jul-Aug, 2024: p.3-30 | ||
| 520 | _aAfter ten years of it dark night of the soul, Indian politics found, on the 4th of June, that it had groped its way into tentative shaft of light: and though the sour stink of fascism is still in the air, we are now at least able to breathe. For this entire dishonorable decade, the present speaker was at a comfortable distance in New York, without cause of fear since all he did was fantasies that the brigands who were running his country world, by some marvelous change, all brak their nukes. – Reproduced | ||
| 773 | _aSocial Scientist | ||
| 942 | _cAR | ||